Na výstupe chýbali mladí ľudia a študenti v Betliari si pripomenuli tragickú smrť domáceho turistu

Podrobná bibliografia
Hlavný autor: Struk, Patrik [elektronický zdroj] (Autor)
Médium: Článok
Jazyk:slovenčina
Fyzický popis:Fotogr.
ISSN:1339-7311
Predmet:
On-line prístup:http://roznava.korzar.sme.sk/c/7823864/v-betliari-si-pripomenuli-tragicku-smrt-domaceho-turistu.html

MARC

LEADER 00000nab a2200000 a 4500
001 vtls010683244
003 SK-MaSNL
005 20260305041536.0
008 150602c20150526xo wr| 0 0slo
038 |a RVGKPD 
040 |a RVGKPD  |b slo  |c RVGKPD  |e AACR2 
041 |a slo 
044 |a xo  |c SK 
080 |a 796.5  |2 2008 
100 1 |a Struk, Patrik [elektronický zdroj]  |4 aut  |9 1089699 
245 1 0 |a Na výstupe chýbali mladí ľudia a študenti  |b v Betliari si pripomenuli tragickú smrť domáceho turistu  |c [autor] (pas) 
246 3 |a V Betliari si pripomenuli tragickú smrť domáceho turistu [elektronický zdroj] 
300 |b Fotogr. 
611 1 7 |a Memoriál Daniela Fabíniho  |n (22. :  |d 2015 :  |c Betliar, Slovensko)  |2 rvgkpd  |9 1622197 
650 0 7 |a turistické výstupy  |2 rvgkpd  |9 698330 
651 7 |a Betliar (Slovensko)  |2 rvgkpd  |9 20285 
651 7 |a Rožňava (Slovensko : okres)  |2 rvgkpd  |9 19215 
651 7 |a Volovec (Západné Tatry, Slovensko : vrch)  |2 rvgkpd  |9 160509 
773 0 |t Rožňavský korzár : týždenník  |g Roč. IV, č. 21 (26.5.2015), s. 4  |x 1339-7311 
852 |a RVGKPD  |b KIS3G 
856 4 1 |u http://roznava.korzar.sme.sk/c/7823864/v-betliari-si-pripomenuli-tragicku-smrt-domaceho-turistu.html 
992 |a RBX 
999 |c 3344120  |d 3346050